Ion implantation science and technology
Guardat en:
| Autor principal: | |
|---|---|
| Format: | Llibre |
| Idioma: | Undetermined |
| Publicat: |
Orlando
Academic press
1984
|
| Matèries: | |
| Etiquetes: |
Afegir etiqueta
Sense etiquetes, Sigues el primer a etiquetar aquest registre!
|
| Thư viện lưu trữ: | Trung tâm Học liệu Trường Đại học Cần Thơ |
|---|
| LEADER | 00493nam a2200181Ia 4500 | ||
|---|---|---|---|
| 001 | CTU_82652 | ||
| 008 | 210402s9999 xx 000 0 und d | ||
| 082 | |a 539.6 | ||
| 082 | |b Z66 | ||
| 100 | |a Ziegler, J. F. | ||
| 245 | 0 | |a Ion implantation science and technology | |
| 245 | 0 | |c Edited by J. F. Ziegler | |
| 260 | |a Orlando | ||
| 260 | |b Academic press | ||
| 260 | |c 1984 | ||
| 650 | |a Ion implantation | ||
| 904 | |i QHieu(sửa) | ||
| 980 | |a Trung tâm Học liệu Trường Đại học Cần Thơ | ||